[Matematika]

Recenzia publikácie Matematika (krok za krokom), ktorá má uľahčiť prípravu na prijímacie skúšky z matematiky záujemcom o štúdium na Ekonomickej univerzite v Bratislave.

Gespeichert in:
Bibliographische Detailangaben
1. Verfasser: Sakálová, Katarína, 1955-
Format: Buchkapitel
Sprache:Slowakisch
Schlagworte:
Tags: Tag hinzufügen
Keine Tags, Fügen Sie das erste Tag hinzu!

MARC

LEADER 00000naa$a2200000$$$4500
001 0112242
005 20240502072239.1
041 0 |a slo 
044 |a SK 
245 1 0 |a [Matematika]  |c Katarína Sakálová 
520 |a Recenzia publikácie Matematika (krok za krokom), ktorá má uľahčiť prípravu na prijímacie skúšky z matematiky záujemcom o štúdium na Ekonomickej univerzite v Bratislave. 
610 2 0 |a recenzie 
610 2 0 |a matematika 
610 2 0 |a skúšky prijímacie 
100 1 |a Sakálová, Katarína, 1955-